00838nam a2200241 a 4500001001300000003000900013005001700022008004100039020001000080082001700090100005400107245003500161260006200196300000700258500003500265505007900300650001600379700005400395902000800449942000700457952011700464999001500581nice12345678IN_TiNIC20260116011410.0050524s1921 newa grp 000 0 eng  ac10000a297.93bNSA1 aNational Spiritual Assembly, Of The Baha`is Of In aTeachings of the Baha`i Faith. aNew DelhibNational Spiritual Assembly of the Baha`c1921 a7p aincludes index and biblioraphy2 aunited nations conference on trade and development.Feb 1 to march 25 1968. aBahai Faith1 aNational Spiritual Assembly, Of The Baha`is Of In bSRS cBK 001040708StackRoom-aHMIbHMId2007-07-02g100.00l0o297.93 NSA1p03495r2007-07-02v100.00w2005-05-24yBK c1173d1173